000
nam a22 7a 4500
999
_c
43962
_d
43962
003
OSt
005
20180415105715.0
008
180415b xxu||||| |||| 00| 0 eng d
040
_c
IIMT
100
_a
KUMAR,SONA
245
_a
ADVANCE COMPUTER NETWORK
260
_a
NEW DELHI
_b
A.P.PUB
_c
2010
300
_a
260
942
_2
ddc
_c
01